The Man Who Sold the World - David Bowie - Statistics

General Stats
  • This quiz has been taken 10 times
    9 since last reset
  • The average score is 7 of 9
Answer Stats
Answer % Correct
The Man Who Sold the World
100%
The Width of a Circle
100%
All the Madmen
89%
Black Country Rock
89%
The Supermen
89%
Running Gun Blues
78%
After All
67%
Saviour Machine
67%
She Shook Me Cold
67%
No matching quizzes found
Score Distribution
Percent of People with Each Score
Percentile by Number Answered
Your Score History
You have not taken this quiz since the last reset